| 000 | 00924nam a2200241Ia 4500 | ||
|---|---|---|---|
| 003 | OSt | ||
| 005 | 20200806163024.0 | ||
| 008 | 191128s1997 wauad gr 000 0dspa d | ||
| 020 | _a821339672 | ||
| 040 |
_aCO-JMCR _cCO-JMCR |
||
| 041 | 0 | _aspa | |
| 082 | 0 | 4 |
_a364.256 / _bM672p _223 |
| 100 | 1 |
_aMoser Caroline, Jeremy Holland, _eautor _98496 |
|
| 245 | 1 | 3 |
_aLa pobreza urbana y la violencia en jamaica / _cJeremy Holland Moser Caroline |
| 260 |
_aWashington, D.C : _bBanco Mundial, _c1997. |
||
| 300 |
_avii, 53 páginas : _b ilustraciones, gráficos, diagramas a blanco y negro ; _c28 cm. |
||
| 490 | _aPuntos de vista | ||
| 500 | _aBibliografía: páginas 53-54. | ||
| 505 | 0 | _aPrincipales conclusiones -- Análisis: la relación entre los activos y la violencia -- Percepción de las soluciones en cinco comunidades | |
| 650 | 2 | 4 |
_aViolencia _zJamaica _98497 |
| 650 | 2 | 4 |
_aPobreza _zJamaica _98498 |
| 942 |
_2ddc _cBK |
||
| 999 |
_c5979 _d5979 |
||